| 000 | 00612nam a22001937a 4500 | ||
|---|---|---|---|
| 999 |
_c191921 _d191921 |
||
| 005 | 20220907121605.0 | ||
| 010 | _aENG-134952 | ||
| 020 |
_a9788194205210 _c500.00 |
||
| 035 | _aEN-118484 | ||
| 037 | _bDBAD/PUB | ||
| 082 | _a658.8 | ||
| 100 | _aMurugesan, G. | ||
| 245 |
_aEvolution of Business Management Ethos in India/ _cG. Murugesan and M. Jaisun |
||
| 260 |
_aTamil Nadu _bVirudhunagar Hindu Nadars _c2019 |
||
| 270 |
_a3/151-1, College Road, Virudhunagar _bVirdhunagar _msupport@vhnsnc.edu.in |
||
| 300 |
_a203p. _c20cm(pbk) |
||
| 700 | _aJalsun, M. | ||
| 942 |
_2ddc _cEN _h658.8 _mMUR |
||